Clic Les patronymes les plus répandus en Europe - Statistiques

Statistiques générales
  • Ce quiz a été pris 49 fois
  • Le résultat moyen est 15 sur 39
Statistiques - réponses
Hint Extra Hint Réponse % Correct
Espagne Ours Garcia
77%
Allemagne Meunier Müller
73%
Suisse italophone Blanc Biancchi
68%
Turquie Brave Yilmaz
68%
Italie Rouge Rossi
66%
France de Mars (dieu de la guerre) Martin
64%
Pays-Bas Jeune De Jong
61%
Suède Fils d'André Andersson
59%
Belgique - Flandre Fils de Pierre Peeters
57%
Portugal Forêt Silva
57%
Lituanie de Kozlow Kazlauskas
55%
Royaume-Uni Forgeron Smith
50%
Belgique - Wallonnie du bois Dubois
48%
Albanie du Kelmend Kelmendi
48%
Irlande de Murchadh (dieu de la mer) Murphy
48%
Serbie Fils de Jean Jovanovic
45%
Moldavie Russe Rusu
45%
Danemark Fils de Nicolas Nielsen
43%
Russie Calme Smirnov
39%
Suisse germanophone Meunier Miller
36%
Roumanie Prêtre Popa
34%
Norvège Fils de Jean Hansen
32%
Ukraine Meunier Melnyk
30%
Monténégro Fils de prêtre Popovi'c
30%
Finlande Sourd Korhonen
27%
Pologne Nouvel homme Nowak
27%
Bulgarie Fils de Jean Ivanov
25%
Biélorussie Fils de Jean Ivanov
23%
Slovénie Nouvel homme Novak
23%
Lettonie Bouleau Berzins
18%
Croatie Croate Hörvat
18%
Luxembourg Forgeron Schmit
18%
Autriche Mineur Gruber
16%
Hongrie Grand Nagy
16%
Slovaquie Croate Horvath
14%
Estonie Chêne Tamm
14%
Tchéquie Nouvel homme Novak
11%
Macédoine de Gloire Stojanoxski
9%
Bosnie-Herzégovine Fils de prêcheur Hodzic
7%
Aucun quiz correspondant
Distribution des résultats
% des personnes avec chaque résultat
Percentile par nombre de réponses
Votre historique - résultats
Vous n’avez pas pris ce quiz